Landen van de Wereld in 1914 met een Kaart - Statistieken

Algemene statistieken
  • Deze quiz is 4.435 keer genomen
  • De gemiddelde score is 49 van 59
Antwoorden op de kaart
Antwoorden kleurgecodeerd door een groen-rode schaal op de quizkaart volgens % correct hieronder.
 
Antwoordstatistieken
Country % Correct
Canada
98%
Verenigde Staten
98%
China
97%
Frankrijk
97%
Nederland
97%
Rusland
97%
Spanje
97%
België
96%
Brazilië
96%
Mexico
96%
Portugal
96%
Verenigd Koninkrijk
96%
Australië
95%
Duitsland
95%
Italië
95%
Noorwegen
95%
Zweden
95%
Argentinië
94%
Denemarken
94%
Japan
94%
Chili
93%
Zuid-Afrika
93%
Griekenland
90%
Peru
90%
Colombia
89%
Nieuw-Zeeland
88%
Uruguay
87%
Venezuela
87%
Bolivia
86%
Paraguay
85%
Cuba
84%
Perzië
84%
Zwitserland
84%
Nepal
83%
Panama
83%
Ecuador
82%
Luxemburg
82%
Siam
81%
Andorra
80%
Monaco
80%
Bulgarije
78%
Liechtenstein
78%
Albanië
77%
Ethiopië
77%
San Marino
77%
Roemenië
75%
Honduras
74%
Servië
74%
Costa Rica
73%
Haïti
73%
Guatemala
70%
Nicaragua
70%
Dominicaanse Republiek
69%
El Salvador
69%
Montenegro
61%
Oostenrijk-Hongarije
59%
Ottomaanse Rijk
59%
Liberia
56%
Newfoundland
29%
Geen overeenkomende quizzen gevonden
Scoreverdeling
Procent van Mensen met Elke Score
Percentiel versus Aantal Correcte Antwoorden
Uw Scoregeschiedenis
U heeft deze quiz nog niet genomen